000 00550njm a2200181 i 4500
001 C2-0229325
003 PPAK
005 20180729152208.0
008 000928s1998 my |||| ||||| | may d
040 _aPPAK
_beng
_cPPAK
_erda
245 0 0 _aKampung Baru Girl's School (KBGS)
264 1 _aAlor Setar, Kedah :
_bPerbadanan Perpustakaan Awam Kedah ,
_c1998
336 _2rdacontent
_atext
337 _2rdamedia
_aunmediated
338 _2rdacarrier
_avolume
500 _aDirakamkan pada 29/04/1998 ; Temubual dengan Tunku Roziyah
942 _ddc
_cB
999 _c163246
_d163246